01974cam a22004334i 4500003000900000005001700009008004100026020001500067020001800082035002700100035002100127040007400148050002500222082002100247100002700268245012200295264005400417300004100471336002100512337002500533338002300558504003600581504003400617505069700651526001001348526001001358526001001368526001001378526000801388526000801396526000801404526000801412526000801420526000801428526000801436650003301444650003201477700003101509PE-LiUPU20250731173050.0170719s2017 miu rb 001 0 eng  a0801098319 a9780801098314 a(Sirsi) i9780801098314 a(OCoLC)971350805 aDLCbspaerdacDLCdYDXdBDXdOCLCFdOCLCOdBUTdYDXdOCLCOdPE-LiUPU00aBV4011.5b.T778 201700a241.641bT832231 aTrull, Joe E.,eautor.10aEthics for Christian ministry :bmoral formation for twenty-first-century leaders /cJoe E. Trull y R. Robert Creech. 1aGrand Rapids, Michigan :bBaker Academic,c[2017] ax, 275 páginas ;c23 centímetros atext2rdacontent aunmediated2rdamedia avolume2rdacarrier aBibliografía en el contenido. aÍndice : páginas 267-275.0 aWalking with integrity: a profession or a calling? -- Being good and doing good: moral formation for ministry -- Looking in the mirror: integrity in your personal life -- Looking at the church: integrity in your ministry -- Looking at fellow ministers: integrity with your colleagues -- Promoting peace and justice: integrity in the community -- Facing clergy sexual abuse: the cost of lost integrity -- Developing a personal code of ethics: a plan for integrity in ministry -- Ministerial code of ethics worksheet -- A procedure for responding to charges of clergy sexual abuse -- Early denominational codes of ethics -- Contemporary denominational codes of ethics -- Sample codes of ethics. aSEG42 aSEG41 aSEG40 aSEG39 aP94 aP87 aP86 aP85 aP77 aP76 aP35 0aClergyxProfessional ethics. 4aCleroxÉtica profesional.1 aCreech, Robert R.,eautor.